Alle FC Bayern Spieler, die unter Julian Nagelsmann spielten - Statistiken

Allgemein
  • Dieses Quiz wurde 965 mal gespielt
  • Das Durchschnittsergebnis liegt bei 25 aus 40
Antwortstatistiken
Einsätze Nationalität Spieler % Korrekt
55 Deutschland Manuel Neuer
99%
74 Deutschland Joshua Kimmich
96%
73 Deutschland Thomas Müller
96%
63 Kanada Alphonso Davies
95%
46 Polen Robert Lewandowski
94%
57 Frankreich Kingsley Coman
93%
77 Deutschland Leroy Sané
93%
81 Deutschland Serge Gnabry
93%
56 Deutschland Leon Goretzka
90%
72 Frankreich Dayot Upamecano
89%
28 Senegal Sadio Mané
89%
75 Deutschland Jamal Musiala
87%
52 Kamerun Eric Maxim Choupo-Moting
83%
31 Niederlande Matthijs de Ligt
83%
68 Frankreich Benjamin Pavard
77%
54 Österreich Marcel Sabitzer
77%
16 Deutschland Sven Ulreich
77%
36 Kroatien Josip Stanisic
74%
45 Frankreich Lucas Hernández
74%
19 Marokko Noussair Mazraoui
70%
12 Senegal Bouna Sarr
68%
13 Schweiz Yann Sommer
63%
38 Deutschland Niklas Süle
58%
24 Niederlande Ryan Gravenberch
58%
21 Frankreich Mathys Tel
54%
22 Frankreich Corentin Tolisso
52%
2 USA Chris Richards
42%
17 England Omar Richards
42%
8 Deutschland Paul Wanner
37%
9 Portugal João Cancelo
36%
5 Niederlande Daley Blind
35%
13 Spanien Marc Roca
34%
7 USA Malik Tillman
31%
22 Frankreich Tanguy Nianzou
28%
1 Deutschland Arijon Ibrahimovic
27%
4 Kroatien Gabriel Vidovic
18%
2 Frankreich Michaël Cuisance
16%
1 Deutschland Christian Früchtl
13%
1 Deutschland Lucas Copado
6%
1 USA Taylor Booth
5%
Keine übereinstimmenden Quizze gefunden
Verteilung der Resultate
Anzahl Personen mit jedem Resultat
Perzentil nach korrekt beantworteten Fragen
Ihre Resultats-Entwicklung
Sie haben dieses Quiz noch nicht gespielt